000 01303nam a2200349 i 4500
001 000015043
003 DO-SdBNP
005 20260522090634.0
007 ta
008 100129s2002 dr 000 0 spa d
020 _a9993420204
040 _aDO-SdBNP
_bspa
_cBNPHU
_erda
041 _hspa
082 4 _a923.27293
_bP349go
_222
245 0 0 _aPeña Gómez en la sociedad haitiana /
_cintroducción, Alberto E. Despradel.
264 4 _aSanto Domingo :
_bEmbajada de la República Dominicana en Haití;
_bEditora Manatí,
_c©2002.
300 _a173 páginas ;
_c22 cm.
336 _atexto
_btxt
_2rdacontent
337 _asin mediación
_bn
_2rdamedia
338 _avolumen
_bnc
_2rdacarrier
490 0 _aColección La otra orilla
590 _aInventariado, 2020/BT
600 1 0 _aPeña Gomez, Jose Francisco,
_d1937-1998
_92994
650 4 _aPolíticos
_xRepública Dominicana
_934046
650 4 _aRepública dominicana
_xPolítica y gobierno
_92488
651 4 _aRepública Domincana
_xRelaciones exteriores
_zHaití
_934047
651 4 _aHaití
_xRelaciones exteriores
_zRepública Domincana
_934048
700 1 _aDespradel, Alberto E.,
_eintroducción
_4int.
_934049
700 1 _aAlvarez, Cosette,
_ecorrector
_4corr.
_989672
910 _aValidado. Control de calidad EMS.
942 _2ddc
_cLBS1
999 _c14616
_d14616